000 00613nam a2200193Ia 4500
003 GCL
008 140319s9999 xx 000 0 ara d
040 _aGCL /
_cGCL
082 0 4 _a189
_bت ق
100 1 _aتوفيق الطويل
245 1 0 _aقصة الاضطهاد الدينى فى المسيحية والاسلام /
_cتوفيق الطويل
260 _a[S.N] :
_bالزهراء للاعلام العربى ،
_c1991
300 _a188 ص
490 _a
650 0 4 _aالفلسفة الاسلامية
650 0 4 _aالاسلام
650 0 4 _aالاسلام والمسيحية
942 _2ddc
_cBK
999 _c29893
_d29893